header

Wiley IFRS policies and procedures (Record no. 77834)

MARC details
000 -LEADER
fixed length control field 02304nam a2200385 a 4500
082 04 - DEWEY DECIMAL CLASSIFICATION NUMBER
Classification number 657.02/18
100 1# - MAIN ENTRY--AUTHOR NAME
Personal name Epstein, Barry Jay,
245 10 - TITLE STATEMENT
Title Wiley IFRS policies and procedures
260 ## - PUBLICATION, DISTRIBUTION, ETC. (IMPRINT)
Place of publication Hoboken, N.J. :
Name of publisher John Wiley & Sons,
Year of publication c2008.
300 ## - PHYSICAL DESCRIPTION
Number of Pages 469 p. :
Other physical details ill.
500 ## - GENERAL NOTE
General note Intended as a companion volume to Wiley IFRS 2005 : interpretation and application of international accounting and financial reporting standards / Barry J. Epstein, Abbas Ali Mirza. c2005. It provides advice on controls, policies and procedures, forms, reports, and archiving requirements not included in the previous volume.
General note Includes index.
505 0# - FORMATTED CONTENTS NOTE
Formatted contents note Researching IFRS implementation problems -- Cash, receivables, and prepaid expenses -- Short-term investments and financial instruments -- Inventory -- Revenue recognition -- Long-lived assets -- Investments -- Business combinations and consolidated financial statements -- Current liabilities and contingencies after the reporting period -- Long-term debt -- Leases -- Pensions and other postretirement benefits -- Shareholders' equity -- Interim reporting -- Segment reporting -- Foreign currency.
650 #0 - SUBJECT ADDED ENTRY--TOPICAL TERM
Topical Term Accounting
Topical Term International business enterprises
700 1# - ADDED ENTRY--PERSONAL NAME
Personal name Jermakowicz, Eva K.
Personal name Epstein, Barry Jay,
856 40 - ELECTRONIC LOCATION AND ACCESS
Uniform Resource Identifier http://site.ebrary.com/lib/rucke/Doc?id=10296817

No items available.

© 2026 Rongo University
Contact us: librarian | system librarian | Rongo university